Coupe du Monde de Football - Participant ? #3 - Statistiques

Statistiques générales
  • Ce quiz a été pris 93 fois
  • Le résultat moyen est 13 sur 15
Statistiques - réponses
Hint Réponse % Correct
Corée du Sud Correct
100%
Espagne Correct
100%
Russie Correct
99%
Serbie Correct
99%
Sénégal Correct
99%
Afrique du Sud Correct
97%
Égypte Correct
97%
Pérou Correct
96%
Fidji Incorrect
96%
Irlande Correct
92%
Malaisie Incorrect
91%
Éthiopie Incorrect
81%
Jamaïque Correct
66%
Cuba Correct
40%
Salvador Correct
39%
Aucun quiz correspondant
Distribution des résultats
% des personnes avec chaque résultat
Percentile par nombre de réponses
Votre historique - résultats
Vous n’avez pas pris ce quiz